00777nam a2200253 a 4500001001300000003000900013005001700022008004100039020002300080082001600103100002200119245007200141260003600213300000900249500003500258505001000293650002000303650002900323700002200352902000800374942000700382952011700389999001700506nice12345678IN_TiNIC20260116013740.0050524s1996 newa grp 000 0 eng  a8173043 c55000a333.31bGUP aGupta, Amit Kumar aAgrarian Dramab the Leftists and the Rural Poor in India 1934-1951 aNew Delhi bManohar Pub. c1996 a516p aincludes index and biblioraphy2 aIndex aCommunism-India aIndia-Agararian Movement1 aGupta, Amit Kumar bSRS cBK 001040708StackRoom-aHMIbHMId2007-05-01g550.00l0o333.31 GUPp018641r2007-05-01v550.00w2005-05-24yBK c12285d12285